00202nam a2200085 a 450000500170000000800410001705000170005824500110007565000300008620140414131845.0100524s19uu xx 00 eng d aM 220.9bJ66 aJonah. aJonahxBiblical character